000 02586cam a2200313 4500500
005 20260111150106.0
041 _afre
042 _adc
100 1 0 _aKościańska, Agnieszka
_eauthor
700 1 0 _aDyèvre, Laurence
_eauthor
245 0 0 _aLes groupes de femmes non féministes
260 _c2010.
500 _a36
520 _aRésuméPourquoi n’existe-t-il pas de mouvement féministe dans la Pologne de l’après-socialisme ? Une enquête ethnographique conduite auprès de Polonaises catholiques converties à un nouveau mouvement religieux permet d’explorer cette question. Peu satisfaites des relations de genre qu’elles expérimentent, ces femmes, au lieu de devenir féministes, se conforment à une discipline ascétique stricte, ce qui les conduit à réorganiser totalement leurs relations sociales. L’article se concentre sur leur organisation et analyse ces concepts (non libéraux) d’émancipation des femmes.
520 _aWhy is there no feminism after socialism in Poland ? I explore this issue through ethnographic fieldwork conducted among Polish converts from Catholicism to a feminized new religious movement. Reasons of conversion include dissatisfaction of gender relations. Instead of becoming feminists, the women are committed to strict ascetic discipline and the conversion totally reorganize their social relations. I focus on their agency and point out their (non-liberal) concepts of women’s empowerment.
520 _aZusammenfassungWarum existiert im postsozialistischen Polen keine feministische Bewegung ? Eine ethnographische Studie unter katholischen Polinnen, die sich zu einer neuen religiösen Bewegung bekennen soll dieser Frage nachgehen. Die Unzufriedenheit mit ihren bisherigen Erfahrungen hat die Frauen nämlich nicht dazu geführt, Feministinnen zu werden, sondern dazu gebracht, sich einer strikten Askese zu unterwerfen und darauf aufbauend ihre sozialen Beziehungen neu zu organisieren. Der Artikel beschäftigt sich in erster Linie mit dieser Neu-Organisation und analysiert die (nicht-liberalen) Konzepte dieser Form von Frauenemanzipation.
690 _aconversion religieuse
690 _afeminisme
690 _agenre
690 _aorganisation
690 _aPologne
690 _aagency
690 _afeminism
690 _agender
690 _aPoland
690 _areligious conversion
786 0 _nEthnologie française | 40 | 2 | 2010-03-11 | p. 257-265 | 0046-2616
856 4 1 _uhttps://shs.cairn.info/revue-ethnologie-francaise-2010-2-page-257?lang=fr&redirect-ssocas=7080
999 _c1636978
_d1636978